<?xml version="1.0" encoding="UTF-8"?>
<record
    xmlns:xsi="http://www.w3.org/2001/XMLSchema-instance"
    xsi:schemaLocation="http://www.loc.gov/MARC21/slim http://www.loc.gov/standards/marcxml/schema/MARC21slim.xsd"
    xmlns="http://www.loc.gov/MARC21/slim">

  <leader>01241nam a22001697a 4500</leader>
  <controlfield tag="003">SGT</controlfield>
  <datafield tag="020" ind1=" " ind2=" ">
    <subfield code="a">9780198075349</subfield>
  </datafield>
  <datafield tag="082" ind1=" " ind2=" ">
    <subfield code="a">658.15,SAL</subfield>
  </datafield>
  <datafield tag="100" ind1=" " ind2=" ">
    <subfield code="a">SALVATORE,DOMINICK</subfield>
  </datafield>
  <datafield tag="245" ind1=" " ind2=" ">
    <subfield code="a">MANAGERIAL ECONOMICS: PRINCIPLES AND WORLDWIDE APPLICATIONS</subfield>
  </datafield>
  <datafield tag="250" ind1=" " ind2=" ">
    <subfield code="a">7TH</subfield>
  </datafield>
  <datafield tag="260" ind1=" " ind2=" ">
    <subfield code="a">NEW DELHI</subfield>
    <subfield code="b">OXFORD HIGHER EDUCATION</subfield>
    <subfield code="c">2015</subfield>
  </datafield>
  <datafield tag="300" ind1=" " ind2=" ">
    <subfield code="a">707</subfield>
  </datafield>
  <datafield tag="650" ind1=" " ind2=" ">
    <subfield code="a">MANAGEMENT</subfield>
  </datafield>
  <datafield tag="653" ind1=" " ind2=" ">
    <subfield code="a">PART ONE INTRODUCTION CHAPTER 1 THE NATURE AND SCOPE OF MANAGERIAL ECONOMICS CHAPTER 2 OPTIMIZATION TECHNIQUES AND NEW MANAGEMENT TOOLS PART TWO DEMAND ANALYSIS CHAPTER 3 DEMAND THEORY CHAPTER 4 DEMAND ESTIMATION CHAPTER 5 DEMAND FORECASTING PART THREE PRODUCTION AND COST ANALYSIS CHAPTER 6 PRODUCTION THEORY AND ESTIMATION CHAPTER 7 COST THEORY AND ESTIMATION PART FOUR MARKET STRUCTURE AND PRICING PRACTICES CHAPTER 8 MARKET STRUCTURE: PERFECT COMPETITION, MONOPOLY, AND MONOPOLISTIC COMPETITION CHAPTER 9 OLIGOPOLY AND FIRM ARCHITECTURE CHAPTER 10 GAME THEORY AND STRATEGIC BEHAVIOR CHAPTER 11 PRICING PRACTICES PART FIVE REGULATION, RISK ANALYSIS, AND CAPITAL BUDGETING CHAPTER 12 REGULATION AND ANTITRUST: THE ROLE OF GOVERNMENT IN THE ECONOMY CHAPTER 13 RISK ANALYSIS CHAPTER 14 LONG-RUN INVESTMENT DECISIONS: CAPITAL BUDGETING</subfield>
  </datafield>
  <datafield tag="942" ind1=" " ind2=" ">
    <subfield code="2">ddc</subfield>
    <subfield code="c">FCM</subfield>
    <subfield code="0">19</subfield>
  </datafield>
  <datafield tag="952" ind1=" " ind2=" ">
    <subfield code="0">0</subfield>
    <subfield code="1">0</subfield>
    <subfield code="2">ddc</subfield>
    <subfield code="4">0</subfield>
    <subfield code="7">0</subfield>
    <subfield code="8">CM</subfield>
    <subfield code="a">SSSL</subfield>
    <subfield code="b">SSSL</subfield>
    <subfield code="c">DISPLAY</subfield>
    <subfield code="d">2016-06-03</subfield>
    <subfield code="e">KIRTI PRAKASHAN</subfield>
    <subfield code="g">645.00</subfield>
    <subfield code="i">SGTU</subfield>
    <subfield code="l">6</subfield>
    <subfield code="o">658.15,SAL</subfield>
    <subfield code="p">CM1130</subfield>
    <subfield code="r">2023-01-14 00:00:00</subfield>
    <subfield code="s">2022-12-27</subfield>
    <subfield code="w">2015-10-19</subfield>
    <subfield code="y">FCM</subfield>
    <subfield code="k">730</subfield>
  </datafield>
  <datafield tag="952" ind1=" " ind2=" ">
    <subfield code="0">0</subfield>
    <subfield code="1">0</subfield>
    <subfield code="2">ddc</subfield>
    <subfield code="4">0</subfield>
    <subfield code="7">0</subfield>
    <subfield code="8">CM</subfield>
    <subfield code="a">SSSL</subfield>
    <subfield code="b">SSSL</subfield>
    <subfield code="c">DISPLAY</subfield>
    <subfield code="d">2016-06-03</subfield>
    <subfield code="e">KIRTI PRAKASHAN</subfield>
    <subfield code="g">645.00</subfield>
    <subfield code="i">SGTU</subfield>
    <subfield code="l">3</subfield>
    <subfield code="o">658.15,SAL</subfield>
    <subfield code="p">CM1131</subfield>
    <subfield code="r">2023-01-05 00:00:00</subfield>
    <subfield code="s">2023-01-05</subfield>
    <subfield code="w">2015-10-19</subfield>
    <subfield code="y">FCM</subfield>
    <subfield code="k">730</subfield>
  </datafield>
  <datafield tag="952" ind1=" " ind2=" ">
    <subfield code="0">0</subfield>
    <subfield code="1">0</subfield>
    <subfield code="2">ddc</subfield>
    <subfield code="4">0</subfield>
    <subfield code="7">0</subfield>
    <subfield code="8">CM</subfield>
    <subfield code="a">SSSL</subfield>
    <subfield code="b">SSSL</subfield>
    <subfield code="c">DISPLAY</subfield>
    <subfield code="d">2016-06-03</subfield>
    <subfield code="e">KIRTI PRAKASHAN</subfield>
    <subfield code="g">645.00</subfield>
    <subfield code="i">SGTU</subfield>
    <subfield code="l">6</subfield>
    <subfield code="o">658.15,SAL</subfield>
    <subfield code="p">CM1132</subfield>
    <subfield code="r">2022-12-01 00:00:00</subfield>
    <subfield code="s">2022-11-17</subfield>
    <subfield code="w">2015-10-19</subfield>
    <subfield code="y">FCM</subfield>
    <subfield code="k">730</subfield>
  </datafield>
  <datafield tag="952" ind1=" " ind2=" ">
    <subfield code="0">0</subfield>
    <subfield code="1">0</subfield>
    <subfield code="2">ddc</subfield>
    <subfield code="4">0</subfield>
    <subfield code="7">0</subfield>
    <subfield code="8">CM</subfield>
    <subfield code="a">SSSL</subfield>
    <subfield code="b">SSSL</subfield>
    <subfield code="c">DISPLAY</subfield>
    <subfield code="d">2016-06-03</subfield>
    <subfield code="e">KIRTI PRAKASHAN</subfield>
    <subfield code="g">645.00</subfield>
    <subfield code="i">SGTU</subfield>
    <subfield code="l">3</subfield>
    <subfield code="o">658.15,SAL</subfield>
    <subfield code="p">CM1133</subfield>
    <subfield code="r">2022-12-01 00:00:00</subfield>
    <subfield code="s">2022-11-18</subfield>
    <subfield code="w">2015-10-19</subfield>
    <subfield code="y">FCM</subfield>
    <subfield code="k">730</subfield>
  </datafield>
  <datafield tag="952" ind1=" " ind2=" ">
    <subfield code="0">0</subfield>
    <subfield code="1">0</subfield>
    <subfield code="2">ddc</subfield>
    <subfield code="4">0</subfield>
    <subfield code="7">0</subfield>
    <subfield code="8">CM</subfield>
    <subfield code="a">SSSL</subfield>
    <subfield code="b">SSSL</subfield>
    <subfield code="c">DISPLAY</subfield>
    <subfield code="d">2016-06-03</subfield>
    <subfield code="e">KIRTI PRAKASHAN</subfield>
    <subfield code="g">645.00</subfield>
    <subfield code="i">SGTU</subfield>
    <subfield code="l">7</subfield>
    <subfield code="o">658.15,SAL</subfield>
    <subfield code="p">CM1134</subfield>
    <subfield code="r">2023-11-25 00:00:00</subfield>
    <subfield code="s">2023-11-25</subfield>
    <subfield code="w">2015-10-19</subfield>
    <subfield code="y">FCM</subfield>
    <subfield code="k">730</subfield>
  </datafield>
  <datafield tag="952" ind1=" " ind2=" ">
    <subfield code="0">0</subfield>
    <subfield code="1">0</subfield>
    <subfield code="2">ddc</subfield>
    <subfield code="4">0</subfield>
    <subfield code="7">0</subfield>
    <subfield code="8">CM</subfield>
    <subfield code="a">SSSL</subfield>
    <subfield code="b">SSSL</subfield>
    <subfield code="c">DISPLAY</subfield>
    <subfield code="d">2016-06-03</subfield>
    <subfield code="e">KIRTI PRAKASHAN</subfield>
    <subfield code="g">645.00</subfield>
    <subfield code="i">SGTU</subfield>
    <subfield code="l">3</subfield>
    <subfield code="o">658.15,SAL</subfield>
    <subfield code="p">CM1135</subfield>
    <subfield code="r">2022-12-02 00:00:00</subfield>
    <subfield code="s">2022-11-18</subfield>
    <subfield code="w">2015-10-19</subfield>
    <subfield code="y">FCM</subfield>
    <subfield code="k">730</subfield>
  </datafield>
  <datafield tag="952" ind1=" " ind2=" ">
    <subfield code="0">0</subfield>
    <subfield code="1">0</subfield>
    <subfield code="2">ddc</subfield>
    <subfield code="4">0</subfield>
    <subfield code="7">0</subfield>
    <subfield code="8">CM</subfield>
    <subfield code="a">SSSL</subfield>
    <subfield code="b">SSSL</subfield>
    <subfield code="c">DISPLAY</subfield>
    <subfield code="d">2016-06-03</subfield>
    <subfield code="e">KIRTI PRAKASHAN</subfield>
    <subfield code="g">645.00</subfield>
    <subfield code="i">SGTU</subfield>
    <subfield code="l">1</subfield>
    <subfield code="o">658.15,SAL</subfield>
    <subfield code="p">CM1136</subfield>
    <subfield code="r">2022-12-01 00:00:00</subfield>
    <subfield code="s">2022-11-18</subfield>
    <subfield code="w">2015-10-19</subfield>
    <subfield code="y">FCM</subfield>
    <subfield code="k">730</subfield>
  </datafield>
  <datafield tag="999" ind1=" " ind2=" ">
    <subfield code="c">8935</subfield>
    <subfield code="d">8935</subfield>
  </datafield>
</record>
